[Event "XX Festival A"]
[Site "Arco ITA"]
[Date "1998.10.??"]
[Round "6"]
[White "Timoscenko, Gennadij A."]
[Black "Heinlein, Reinhold"]
[Result "1-0"]
[WhiteElo "2470"]
[BlackElo "2080"]
[PlyCount "91"]
[EventDate "1998.10.24"]

1. d4 d5 2. c4 e6 3. Nf3 c6 4. Qc2 Nf6 5. Bg5 Nbd7 6. e3 Qa5+ 7. Nbd2 Ne4 8.
Bf4 Bb4 9. Bd3 Nxd2 10. Nxd2 e5 11. dxe5 dxc4 12. Bxc4 Nxe5 13. Bxe5 Bxd2+ 14.
Qxd2 Qxe5 15. O-O O-O 16. Rfd1 Bf5 17. Qd4 Qxd4 18. Rxd4 Rfd8 19. Rad1 Rxd4 20.
Rxd4 Re8 21. g4 Bc8 22. b4 h6 23. f3 Kf8 24. Kf2 Ke7 25. h4 Be6 26. Bxe6 Kxe6
27. f4 f6 28. Kf3 Ke7 29. Re4+ Kd7 30. Rc4 Re6 31. h5 Rd6 32. Ke2 Rd5 33. e4
Rd6 34. a3 Ke6 35. Rc1 b6 36. Ke3 Kd7 37. a4 Ke6 38. a5 Kd7 39. axb6 axb6 40.
Ra1 Ke6 41. Ra6 c5 42. bxc5 bxc5 43. Rxd6+ Kxd6 44. Kd3 Kc7 45. Kc4 Kc6 46. e5
1-0

[Event "XX Festival A"]
[Site "Arco ITA"]
[Date "1998.10.??"]
[Round "6"]
[White "Zinani, Alessandro"]
[Black "Crea, Vincenzo"]
[Result "1-0"]
[WhiteElo "2145"]
[BlackElo "2115"]
[PlyCount "45"]
[EventDate "1998.10.24"]

1. d4 d5 2. c4 c6 3. cxd5 cxd5 4. Nc3 Nc6 5. Bf4 Nf6 6. e3 a6 7. Bd3 e6 8. Nf3
Be7 9. Ne5 Bd7 10. O-O O-O 11. Qf3 b5 12. Qh3 g6 13. Bh6 Re8 14. f4 b4 15. Ne2
Ne4 16. Rac1 Nxe5 17. fxe5 Bb5 18. Qf3 f5 19. exf6 Nxf6 20. Nf4 Bxd3 21. Nxd3
Rc8 22. Rxc8 Qxc8 23. Ne5 1-0

[Event "XX Festival A"]
[Site "Arco ITA"]
[Date "1998.10.??"]
[Round "7"]
[White "Blum, Gernot"]
[Black "Luciani, Carlo"]
[Result "1/2-1/2"]
[WhiteElo "2135"]
[BlackElo "2240"]
[PlyCount "108"]
[EventDate "1998.10.24"]

1. c4 Nf6 2. Nf3 g6 3. Nc3 Bg7 4. g3 O-O 5. Bg2 d6 6. O-O e5 7. d3 Nc6 8. Rb1
h6 9. b4 Be6 10. b5 Ne7 11. Nd2 Qc8 12. Re1 Kh7 13. Qc2 Bh3 14. Bh1 Nh5 15. Ba3
f5 16. c5 Qd7 17. Bxb7 Rab8 18. Bh1 f4 19. cxd6 cxd6 20. Nde4 Nf5 21. Qa4 Rf7
22. b6 axb6 23. Qxd7 Rxd7 24. Nd5 Ra7 25. Rb3 Nd4 26. Rc3 Nb5 27. Bxd6 Rd8 28.
Rc6 Rad7 29. Nxb6 Rxd6 30. Nxd6 Nxd6 31. a4 e4 32. dxe4 Nb7 33. e5 Bxe5 34. Be4
Nf6 35. Bf3 Kg7 36. a5 Nxa5 37. Rc5 Bd4 38. Rc7+ Kh8 39. Na4 Nb3 40. gxf4 Nd2
41. Bb7 Bf5 42. Rd1 Ba7 43. Kg2 Ng4 44. Bf3 Bb8 45. Rb7 Bxf4 46. Nc5 Nxh2 47.
Be4 Bc8 48. Rf7 g5 49. Nb3 Be6 50. Rh7+ Kg8 51. Nxd2 Bxd2 52. Rxh6 Bb3 53. Rb1
Bc4 54. Rxh2 Bxe2 1/2-1/2

[Event "XX Festival A"]
[Site "Arco ITA"]
[Date "1998.10.??"]
[Round "7"]
[White "Crea, Vincenzo"]
[Black "Carli, Carlo"]
[Result "0-1"]
[WhiteElo "2115"]
[BlackElo "1976"]
[PlyCount "132"]
[EventDate "1998.10.24"]

1. d4 Nf6 2. Nf3 c5 3. c3 cxd4 4. cxd4 g6 5. Nc3 Bg7 6. Bf4 O-O 7. e3 d6 8. h3
a6 9. Be2 Nc6 10. O-O Re8 11. d5 Nb8 12. Rc1 Qa5 13. Qb3 Nbd7 14. a3 Nc5 15.
Qa2 Nce4 16. Nxe4 Nxe4 17. b4 Qd8 18. Qc4 Nf6 19. a4 Bd7 20. Qb3 a5 21. b5 Ne4
22. Bc4 Nc5 23. Qa3 Qb6 24. Nd2 Rec8 25. Be2 Qd8 26. Nc4 b6 27. Bf3 Rab8 28. e4
f6 29. Rfe1 Qf8 30. Bd1 Bh6 31. Bxh6 Qxh6 32. Qe3 Qxe3 33. Rxe3 g5 34. Nb2 Kg7
35. Bg4 Bxg4 36. hxg4 Kg6 37. Rec3 Rh8 38. f3 h5 39. gxh5+ Rxh5 40. Kf2 g4 41.
Nd3 Nxd3+ 42. Rxd3 gxf3 43. Kxf3 f5 44. exf5+ Rxf5+ 45. Ke4 Rh8 46. Rh3 Rxh3
47. gxh3 Rh5 48. Rc7 Kf6 49. Rb7 Rxh3 50. Rxb6 Rh4+ 51. Kd3 Rxa4 52. Ra6 Ke5
53. Ra7 Kxd5 54. Rxe7 Rb4 55. Kc3 Rxb5 56. Ra7 Rc5+ 57. Kd3 Ke6 58. Kd4 Rh5 59.
Ra8 Rh4+ 60. Kc3 a4 61. Kb2 Rc4 62. Re8+ Kf5 63. Re7 d5 64. Ka3 d4 65. Re8 d3
66. Re7 Kf4 0-1

[Event "XX Festival A"]
[Site "Arco ITA"]
[Date "1998.10.??"]
[Round "7"]
[White "Di Lazzaro, Gabriele"]
[Black "Schiappacasse, Marcello"]
[Result "1-0"]
[WhiteElo "2005"]
[BlackElo "2095"]
[PlyCount "111"]
[EventDate "1998.10.24"]

1. e4 c5 2. c3 d5 3. exd5 Qxd5 4. d4 Nf6 5. Nf3 Bg4 6. Be2 e6 7. O-O Nc6 8. Na3
cxd4 9. Nb5 Qd8 10. Nbxd4 Nxd4 11. Nxd4 Bxe2 12. Qxe2 Be7 13. Rd1 Qa5 14. Bf4
O-O 15. Nb3 Qf5 16. Be3 e5 17. h3 b6 18. Qb5 Rfd8 19. Nd4 Qh5 20. Nf3 e4 21.
Qxh5 Nxh5 22. Nd4 Rac8 23. Nf5 Bf8 24. Bg5 f6 25. Be3 g6 26. Nd4 Bc5 27. Ne6
Rxd1+ 28. Rxd1 Bxe3 29. fxe3 Kf7 30. Rd8 Rxd8 31. Nxd8+ Ke8 32. Nc6 a5 33. a4
Kd7 34. Nd4 Ng7 35. Kf2 Ne8 36. Kg3 Nd6 37. b3 h5 38. h4 Ke7 39. Kf4 Kf7 40.
Nc6 Ke6 41. Nd4+ Ke7 42. b4 axb4 43. cxb4 f5 44. a5 bxa5 45. bxa5 Kd7 46. a6
Kc8 47. Ne6 Nb5 48. Nf8 Nc3 49. Nxg6 Nd5+ 50. Kg3 Nxe3 51. Kf2 Ng4+ 52. Ke2 Kc7
53. Ne7 Kb6 54. Nxf5 Kxa6 55. Ng3 Nf6 56. Ke3 1-0

[Event "XX Festival A"]
[Site "Arco ITA"]
[Date "1998.10.??"]
[Round "7"]
[White "Frank, Albert"]
[Black "Heinlein, Reinhold"]
[Result "1-0"]
[WhiteElo "2020"]
[BlackElo "2080"]
[PlyCount "79"]
[EventDate "1998.10.24"]

1. e4 c6 2. d4 d5 3. Nc3 dxe4 4. Nxe4 Bf5 5. Ng3 Bg6 6. h4 h6 7. Nh3 Nf6 8. Nf4
Bh7 9. Bc4 e6 10. Be3 Bd6 11. Ngh5 Bxf4 12. Nxf4 Qd6 13. Nd3 Nbd7 14. Qe2 a5
15. Nc5 Nd5 16. Bd3 Nxc5 17. dxc5 Bxd3 18. cxd6 Bxe2 19. Kxe2 b6 20. c4 Nxe3
21. fxe3 c5 22. Rad1 Kd7 23. e4 e5 24. Rh3 Ra7 25. h5 f6 26. Rg3 Rg8 27. Rg6
Raa8 28. Rd3 Raf8 29. Rdg3 Rf7 30. Rxh6 gxh6 31. Rxg8 f5 32. Rg6 f4 33. Rxh6
Rf8 34. Rg6 f3+ 35. gxf3 Rf4 36. Rg4 Rf6 37. Rh4 Rh6 38. Ke3 Kxd6 39. f4 exf4+
40. Kxf4 1-0

[Event "XX Festival A"]
[Site "Arco ITA"]
[Date "1998.10.??"]
[Round "7"]
[White "Garbisu De Goni, Unai"]
[Black "Ortega, Lexy"]
[Result "1-0"]
[WhiteElo "2395"]
[BlackElo "2490"]
[PlyCount "74"]
[EventDate "1998.10.24"]

1. e4 c5 2. Nf3 d6 3. d4 cxd4 4. Nxd4 Nf6 5. Nc3 a6 6. Be3 Nc6 7. f3 e5 8. Nb3
Be6 9. Nd5 Bxd5 10. exd5 Ne7 11. c4 g6 12. Bd3 Bg7 13. O-O O-O 14. Nc1 b5 15.
cxb5 axb5 16. Bxb5 Nfxd5 17. Bf2 Qb8 18. Qb3 Nf4 19. a4 d5 20. Nd3 Nxd3 21.
Qxd3 Qd6 22. Rfd1 Rfb8 23. Rac1 d4 24. f4 Nf5 25. Rc6 Qd5 26. fxe5 Bxe5 27.
Rdc1 Bf4 28. R1c5 Qa2 29. g3 Qa1+ 30. Kg2 Ne3+ 31. Kh3 Qxb2 32. Rc2 Nxc2 33.
Rxc2 Qb4 34. gxf4 Rxa4 35. Bxa4 Qxa4 36. Rc4 Qd7+ 37. f5 37... Rb2 $139 1-0

[Event "XX Festival A"]
[Site "Arco ITA"]
[Date "1998.10.??"]
[Round "7"]
[White "Khenkin, Igor"]
[Black "Naumkin, Igor"]
[Result "1/2-1/2"]
[WhiteElo "2600"]
[BlackElo "2475"]
[PlyCount "92"]
[EventDate "1998.10.24"]

1. d4 Nf6 2. c4 e6 3. Nf3 b6 4. a3 Bb7 5. Nc3 Ne4 6. Nxe4 Bxe4 7. Bf4 Be7 8. e3
O-O 9. Bd3 Bxd3 10. Qxd3 a5 11. h4 a4 12. Rd1 Ra5 13. g4 Qc8 14. Ke2 d6 15. Ng5
f5 16. gxf5 Raxf5 17. Bg3 Bxg5 18. hxg5 b5 19. cxb5 Qb7 20. Rc1 Nd7 21. Qc4
Rxb5 22. Qxe6+ Rf7 23. Qe8+ Nf8 24. Qc6 Rxb2+ 25. Kf1 Qb3 26. Qc4 Qxa3 27. Rc3
Qa2 28. Qxa2 Rxa2 29. d5 Rd2 30. e4 Rd4 31. Re3 Re7 32. Ke2 Rexe4 33. Rc1 a3
34. Rxc7 a2 35. Rc1 Rxe3+ 36. Kxe3 Rxd5 37. Ra1 Rxg5 38. Rxa2 d5 39. Ra7 Rf5
40. Bd6 Ne6 41. Re7 Ng5 42. Be5 Kf8 43. Bd6 Rf6 44. Rd7+ Kg8 45. Be5 Rf3+ 46.
Ke2 Rf7 1/2-1/2

[Event "XX Festival A"]
[Site "Arco ITA"]
[Date "1998.10.??"]
[Round "7"]
[White "Lantini, Marco"]
[Black "Kloster, Josef"]
[Result "1-0"]
[WhiteElo "2145"]
[BlackElo "2165"]
[PlyCount "47"]
[EventDate "1998.10.24"]

1. e4 d5 2. exd5 Qxd5 3. Nc3 Qa5 4. Bc4 Nf6 5. Nf3 Bf5 6. b4 Qxb4 7. Ne5 e6 8.
Rb1 Qd6 9. d4 c6 10. Rxb7 Be7 11. O-O O-O 12. Bf4 Qd8 13. Re1 Ne8 14. a4 Bg6
15. Rxb8 Qxb8 16. Nxg6 Qb4 17. Nxe7+ Qxe7 18. Ne4 Qb4 19. Bb3 Kh8 20. Re3 Rd8
21. c3 Qa5 22. Ng5 Nf6 23. Qc2 h6 24. Be5 1-0

[Event "XX Festival A"]
[Site "Arco ITA"]
[Date "1998.10.??"]
[Round "7"]
[White "Lanzani, Mario"]
[Black "Tatai, Stefano"]
[Result "1/2-1/2"]
[WhiteElo "2395"]
[BlackElo "2395"]
[PlyCount "26"]
[EventDate "1998.10.24"]

1. e4 c5 2. Nf3 d6 3. c3 Nf6 4. Be2 Nbd7 5. d3 b6 6. Nbd2 Bb7 7. O-O e6 8. Re1
Be7 9. Bf1 O-O 10. d4 cxd4 11. cxd4 Qc7 12. Bd3 e5 13. d5 Nc5 1/2-1/2

[Event "XX Festival A"]
[Site "Arco ITA"]
[Date "1998.10.??"]
[Round "7"]
[White "Minerva, Enzo"]
[Black "Zinani, Alessandro"]
[Result "0-1"]
[WhiteElo "2135"]
[BlackElo "2145"]
[PlyCount "108"]
[EventDate "1998.10.24"]

1. d4 d5 2. c4 e6 3. Nf3 Nf6 4. Nc3 Be7 5. e3 O-O 6. Bd3 c5 7. cxd5 exd5 8.
dxc5 Bxc5 9. O-O Bg4 10. Be2 Nc6 11. a3 a5 12. Qb3 Qd7 13. Rd1 Rfd8 14. Na4 Ne4
15. Nxc5 Nxc5 16. Qb5 Qd6 17. Nd4 Na7 18. Qxa5 Bxe2 19. Rd2 Nc6 20. Qc3 Ne4 21.
Nf5 Nxc3 22. Nxd6 Rxd6 23. bxc3 Bc4 24. e4 Re8 25. f3 Na5 26. Rb1 Nb3 27. Rd1
Nxc1 28. Rbxc1 Red8 29. e5 Ra6 30. Rb1 b6 31. Ra1 Rda8 32. f4 Rxa3 33. Rac1 Ra2
34. f5 Re2 35. Ra1 Re8 36. Re1 Rxe1+ 37. Rxe1 Kf8 38. g4 Ra8 39. Kf2 Ra3 40. h3
Rxc3 41. Ra1 Rc2+ 42. Ke3 Ra2 43. Rb1 Ke7 44. Kd4 Kd7 45. h4 Kc6 46. g5 Ra3 47.
Rd1 Rh3 48. h5 Rh4+ 49. Kc3 Kc5 50. g6 hxg6 51. hxg6 fxg6 52. e6 Rh2 53. Rd2
d4+ 54. Kc2 Rxd2+ 0-1

[Event "XX Festival A"]
[Site "Arco ITA"]
[Date "1998.10.??"]
[Round "7"]
[White "Prelati, Maurizio"]
[Black "Rossi, Carlo"]
[Result "0-1"]
[WhiteElo "2140"]
[BlackElo "2355"]
[PlyCount "56"]
[EventDate "1998.10.24"]

1. e4 c5 2. d4 cxd4 3. c3 g6 4. Nf3 Bg7 5. cxd4 d5 6. e5 Nc6 7. Nc3 Bg4 8. Be2
Nh6 9. Be3 Nf5 10. Ng5 Bxe2 11. Nxe2 Nxe3 12. fxe3 Bh6 13. h4 e6 14. Qb3 Rb8
15. Rc1 O-O 16. Kd2 Na5 17. Qc3 Nc4+ 18. Kc2 Bxg5 19. hxg5 Qxg5 20. Nf4 Nxe5
21. Kb1 Ng4 22. Ka1 Nf2 23. Rhf1 Ne4 24. Qc7 Qd8 25. Qe5 Qd6 26. g4 Qxe5 27.
dxe5 Rbc8 28. Rcd1 Rc2 0-1

[Event "XX Festival A"]
[Site "Arco ITA"]
[Date "1998.10.??"]
[Round "7"]
[White "Ptaschinski, Dirk"]
[Black "Lovati, Paolo"]
[Result "1/2-1/2"]
[WhiteElo "2205"]
[BlackElo "2050"]
[PlyCount "88"]
[EventDate "1998.10.24"]

1. d4 d5 2. Nf3 Nc6 3. Bf4 Bg4 4. e3 e6 5. Nbd2 Bd6 6. Bg3 Nf6 7. Be2 O-O 8.
Ne5 Bxe2 9. Qxe2 Ne7 10. Bh4 Nd7 11. f4 f6 12. Nef3 Qe8 13. O-O-O c5 14. g4 c4
15. c3 b5 16. Be1 Nb6 17. g5 f5 18. h4 a5 19. Nb1 b4 20. h5 Qa4 21. g6 h6 22.
Ng5 Nc6 23. Nxe6 Rfe8 24. Nc5 Qxa2 25. Rf1 Bxc5 26. dxc5 Na4 27. Rxd5 bxc3 28.
Bxc3 Nb4 29. Rd7 Nxc3 30. Nxc3 Qa1+ 31. Nb1 Nd3+ 32. Rxd3 cxd3 33. Qxd3 Rab8
34. Rf2 Qa2 35. Re2 Qe6 36. Nc3 Rbc8 37. Na4 Red8 38. Qc3 Qd5 39. Re1 Qc6 40.
b3 Qb5 41. Rd1 Rxd1+ 42. Kxd1 Rd8+ 43. Kc1 Qf1+ 44. Kb2 Qb5 1/2-1/2

[Event "XX Festival A"]
[Site "Arco ITA"]
[Date "1998.10.??"]
[Round "7"]
[White "Rahls, Peter"]
[Black "Korte, Markus"]
[Result "1-0"]
[WhiteElo "2205"]
[BlackElo "2220"]
[PlyCount "49"]
[EventDate "1998.10.24"]

1. e4 Nf6 2. e5 Nd5 3. c4 Nb6 4. c5 Nd5 5. Bc4 e6 6. d4 d6 7. cxd6 cxd6 8. Nf3
Be7 9. O-O O-O 10. Qe2 Nc6 11. Nc3 dxe5 12. dxe5 Nxc3 13. bxc3 Qa5 14. Bd3 Rd8
15. Bg5 Qxc3 16. Rad1 Bxg5 17. Nxg5 g6 18. f4 Nd4 19. Qf2 Bd7 20. Qh4 h5 21.
Nxf7 Kxf7 22. Qf6+ Kg8 23. Qxg6+ Kf8 24. Qh6+ Kg8 25. Bh7+ 1-0

[Event "XX Festival A"]
[Site "Arco ITA"]
[Date "1998.10.??"]
[Round "7"]
[White "Ricci, Alfredo"]
[Black "Cucinella, Vincenzo"]
[Result "1/2-1/2"]
[WhiteElo "1962"]
[BlackElo "2175"]
[PlyCount "139"]
[EventDate "1998.10.24"]

1. e4 c5 2. Nf3 e6 3. d4 cxd4 4. Nxd4 Nc6 5. Be2 a6 6. O-O Qc7 7. c4 Nf6 8.
Nxc6 bxc6 9. Qc2 c5 10. Nc3 Bb7 11. f4 d6 12. Bf3 Rb8 13. b3 Be7 14. Bb2 O-O
15. Ne2 Nd7 16. Rad1 Rbd8 17. Qd2 Nf6 18. Ng3 Bc6 19. Qc3 Qb7 20. Qe3 a5 21.
Kh1 a4 22. Bc3 axb3 23. Rb1 Ra8 24. axb3 Ra3 25. e5 Bxf3 26. Rxf3 Ng4 27. Qd2
dxe5 28. Qb2 Rfa8 29. Bxe5 Ra2 30. Qc3 f6 31. h3 Nh6 32. Nh5 fxe5 33. Qxe5 Bf8
34. Rg3 Kh8 35. Qxe6 Qf7 36. Qe5 Re8 37. Qg5 Ra6 38. Rd1 Rg6 39. Qh4 Rxg3 40.
Nxg3 Ra8 41. f5 Re8 42. Rd5 Be7 43. Qf4 Rd8 44. Qc7 Qf8 45. f6 gxf6 46. Ne4 Nf7
47. g3 Ne5 48. Rxd8 Qxd8 49. Qxd8+ Bxd8 50. Nxc5 Nf3 51. Kg2 Nd2 52. Ne6 Ba5
53. c5 Nxb3 54. c6 Kg8 55. c7 Bxc7 56. Nxc7 Kf7 57. Kf3 Nc5 58. Kf4 Kg6 59. Nd5
Nd3+ 60. Ke3 Ne5 61. Ke4 Nf7 62. Ne7+ Kg5 63. Nf5 h5 64. Ne3 Nd6+ 65. Kd5 Nf7
66. Ke6 Nd8+ 67. Ke7 Nc6+ 68. Kf7 Ne5+ 69. Kg7 h4 70. g4 1/2-1/2

[Event "XX Festival A"]
[Site "Arco ITA"]
[Date "1998.10.??"]
[Round "7"]
[White "Ruzzier, Dario"]
[Black "Schumacher, Helmut"]
[Result "0-1"]
[WhiteElo "2090"]
[BlackElo "2185"]
[PlyCount "68"]
[EventDate "1998.10.24"]

1. d4 d5 2. c4 e6 3. Nc3 c6 4. Nf3 Nf6 5. Bg5 dxc4 6. e4 b5 7. e5 h6 8. Bh4 g5
9. Nxg5 hxg5 10. Bxg5 Nbd7 11. g3 Bh6 12. Bh4 Qb6 13. exf6 Bb7 14. Bg2 O-O-O
15. O-O Ne5 16. dxe5 Rxd1 17. Rfxd1 Bf4 18. gxf4 Rxh4 19. Ne4 Rxf4 20. Nd6+ Kb8
21. Rd2 Rd4 22. Rad1 Rxd2 23. Rxd2 Qa5 24. Rd1 Qxa2 25. Nxf7 Qb3 26. Re1 Qb4
27. Re2 c3 28. Ng5 cxb2 29. Be4 b1=Q+ 30. Bxb1 Qxb1+ 31. Kg2 Qf5 32. h4 Qg4+
33. Kf1 Qxh4 34. Nf3 Qh3+ 0-1

[Event "XX Festival A"]
[Site "Arco ITA"]
[Date "1998.10.??"]
[Round "7"]
[White "Schweiger, Georg"]
[Black "Dalponte, Dino"]
[Result "1-0"]
[WhiteElo "2220"]
[BlackElo "2180"]
[PlyCount "121"]
[EventDate "1998.10.24"]

1. e4 e6 2. Qe2 c6 3. Nf3 d5 4. d3 b6 5. e5 h6 6. g3 Ba6 7. Bg2 Ne7 8. O-O Qc7
9. h4 Nd7 10. Re1 c5 11. c4 Bb7 12. Nc3 a6 13. a3 d4 14. Nb1 Rb8 15. Nbd2 Nc6
16. Rb1 a5 17. Nf1 Be7 18. N1h2 Qd8 19. Ng4 Nf8 20. h5 Nh7 21. Nd2 Qd7 22. f4
Nd8 23. Be4 Nf8 24. b3 Bxe4 25. Nxe4 Nc6 26. Bd2 Nh7 27. Qf3 O-O 28. a4 Rbe8
29. Re2 Kh8 30. Rf1 f5 31. exf6 Nxf6 32. Ngf2 Nh7 33. g4 Bh4 34. Qh3 Bxf2+ 35.
Rexf2 e5 36. f5 Nf6 37. Nxf6 Rxf6 38. g5 Rff8 39. Qf3 Qd6 40. f6 gxf6 41. gxf6
e4 42. dxe4 Re6 43. Qf4 Qxf4 44. Rxf4 Rf7 45. Rf5 Kh7 46. Bf4 Re8 47. e5 Re6
48. Bg3 Re8 49. Kf2 Nd8 50. Kf3 Ne6 51. Ke4 Rd8 52. R1f3 Nf8 53. Rd3 Ne6 54.
Rf2 Re8 55. Bf4 Nf8 56. Kf5 Nd7 57. Rg2 Nf8 58. Rdg3 Rd7 59. Rg6 Nxg6 60. hxg6+
Kg8 61. e6 1-0

[Event "XX Festival A"]
[Site "Arco ITA"]
[Date "1998.10.??"]
[Round "7"]
[White "Siegmund, Rainer"]
[Black "Ricci, Marco"]
[Result "1/2-1/2"]
[WhiteElo "2130"]
[BlackElo "2190"]
[PlyCount "48"]
[EventDate "1998.10.24"]

1. d4 Nf6 2. c4 g6 3. Nc3 Bg7 4. e4 d6 5. f4 O-O 6. Nf3 c5 7. d5 e6 8. Be2 exd5
9. cxd5 Re8 10. e5 dxe5 11. fxe5 Ng4 12. Bg5 f6 13. exf6 Bxf6 14. Qd2 Bxg5 15.
Qxg5 Qxg5 16. Nxg5 Ne3 17. Kf2 Bf5 18. h3 Nc2 19. Rad1 Nd4 20. Rhe1 Nxe2 21.
Rxe2 Rxe2+ 22. Kxe2 Na6 23. g4 Bd7 24. Nge4 Kg7 1/2-1/2

[Event "XX Festival A"]
[Site "Arco ITA"]
[Date "1998.10.??"]
[Round "7"]
[White "Slobodjan, Roman"]
[Black "Godena, Michele"]
[Result "1/2-1/2"]
[WhiteElo "2575"]
[BlackElo "2510"]
[PlyCount "44"]
[EventDate "1998.10.24"]

1. e4 e5 2. Nf3 Nc6 3. Bc4 Nf6 4. d3 h6 5. O-O d6 6. c3 g6 7. d4 Qe7 8. Re1 Bg7
9. b4 a6 10. Bd5 Nb8 11. dxe5 dxe5 12. Bb3 O-O 13. Nbd2 Be6 14. Nc4 Nbd7 15.
Na5 Rab8 16. a4 Rfc8 17. Ba3 Qe8 18. Nd2 b5 19. c4 c5 20. cxb5 axb5 21. axb5
cxb4 22. Bxb4 Rxb5 1/2-1/2

[Event "XX Festival A"]
[Site "Arco ITA"]
[Date "1998.10.??"]
[Round "7"]
[White "Wagman, Stuart"]
[Black "Pipitone, Antonio"]
[Result "1-0"]
[WhiteElo "2170"]
[BlackElo "2035"]
[PlyCount "111"]
[EventDate "1998.10.24"]

1. e4 c5 2. Nf3 d6 3. d4 cxd4 4. Nxd4 Nf6 5. Nc3 Nc6 6. Be2 e5 7. Nf3 Be7 8.
O-O O-O 9. Bg5 a6 10. Bxf6 Bxf6 11. Nd5 Be7 12. Qd2 Be6 13. Rfd1 Bxd5 14. exd5
Nb8 15. c4 Nd7 16. b4 Bf6 17. Rab1 Rc8 18. Qe3 Re8 19. Nd2 Bg5 20. Qd3 Nb6 21.
c5 dxc5 22. bxc5 Rxc5 23. Ne4 Rxd5 24. Qb3 Re6 25. Rxd5 Nxd5 26. Rd1 Rb6 27.
Rxd5 Rxb3 28. Rxd8+ Bxd8 29. axb3 Be7 30. Bg4 b6 31. Kf1 Kf8 32. Ke2 Ke8 33.
Bc8 a5 34. Kd3 Kd8 35. Ba6 f5 36. Nc3 e4+ 37. Kc4 Bc5 38. f3 exf3 39. gxf3 Kd7
40. Kd5 g6 41. h3 Be3 42. Bb5+ Ke7 43. Ke5 Bc5 44. Bc4 Bd6+ 45. Kd5 Bc5 46. Kc6
Kf6 47. f4 Kg7 48. Nd5 Kh6 49. Be2 g5 50. Nxb6 Bf2 51. Nc4 gxf4 52. Ne5 Kg5 53.
Nf3+ Kf6 54. Kb5 h6 55. Kxa5 Ke6 56. Kb5 1-0

[Event "XX Festival A"]
[Site "Arco ITA"]
[Date "1998.10.??"]
[Round "8"]
[White "Cacho Reigadas, Sergio"]
[Black "Lanzani, Mario"]
[Result "1-0"]
[WhiteElo "2425"]
[BlackElo "2395"]
[PlyCount "93"]
[EventDate "1998.10.24"]

1. Nf3 Nf6 2. g3 g6 3. Bg2 Bg7 4. O-O O-O 5. d4 d6 6. c4 c5 7. d5 e6 8. dxe6
fxe6 9. Nc3 Nc6 10. Bg5 Qe7 11. Qd2 Rd8 12. Rad1 Qf8 13. b3 h6 14. Bxf6 Bxf6
15. Ne4 Be7 16. Qf4 d5 17. Nc3 d4 18. Ne4 Qf5 19. Qxh6 Qxe4 20. Nxd4 Qg4 21.
Nxc6 bxc6 22. Rxd8+ Bxd8 23. Bxc6 Rb8 24. Be8 Rb7 25. Qxg6+ Qxg6 26. Bxg6 a5
27. Rb1 Rb4 28. Bc2 Kf7 29. f3 Bf6 30. Kf2 a4 31. h4 axb3 32. axb3 Rb6 33. Be4
Bb7 34. Bxb7 Rxb7 35. e3 Ra7 36. f4 e5 37. Kf3 Re7 38. b4 e4+ 39. Kg2 Rb7 40.
b5 Ke6 41. h5 Ra7 42. b6 Rb7 43. Rb5 Kd6 44. g4 Bd8 45. h6 Be7 46. g5 Ke6 47.
h7 1-0

[Event "XX Festival A"]
[Site "Arco ITA"]
[Date "1998.10.??"]
[Round "8"]
[White "Carli, Carlo"]
[Black "Siegmund, Rainer"]
[Result "1/2-1/2"]
[WhiteElo "1976"]
[BlackElo "2130"]
[PlyCount "83"]
[EventDate "1998.10.24"]

1. e4 c5 2. Nf3 Nc6 3. Bb5 g6 4. c3 Nf6 5. e5 Nd5 6. O-O Bg7 7. d4 cxd4 8. cxd4
O-O 9. Nc3 Nxc3 10. bxc3 a6 11. Bd3 d6 12. exd6 Qxd6 13. Ng5 e5 14. a4 Qd8 15.
dxe5 Nxe5 16. Be2 Qc7 17. Be3 Bf5 18. Bd4 Rad8 19. Qb3 Qe7 20. Nf3 Nxf3+ 21.
Bxf3 Bxd4 22. cxd4 Rxd4 23. Qxb7 Qxb7 24. Bxb7 a5 25. Rfc1 Rfd8 26. h3 Rb4 27.
Bc6 Rd2 28. Rc5 Rc2 29. Rxc2 Bxc2 30. Kf1 Rb2 31. Ra3 Bb3 32. Ke1 Kf8 33. Ra1
Ke7 34. Rc1 Kd6 35. Bb5 Ra2 36. Rc6+ Kd5 37. Ra6 Ke4 38. Rxa5 Ra1+ 39. Ke2 Ra2+
40. Ke1 Ra1+ 41. Ke2 Ra2+ 42. Ke1 1/2-1/2

[Event "XX Festival A"]
[Site "Arco ITA"]
[Date "1998.10.??"]
[Round "8"]
[White "Dalponte, Dino"]
[Black "Ricci, Alfredo"]
[Result "0-1"]
[WhiteElo "2180"]
[BlackElo "1962"]
[PlyCount "130"]
[EventDate "1998.10.24"]

1. d4 Nf6 2. c3 e6 3. Bg5 c5 4. e3 Qb6 5. Qb3 Qxb3 6. axb3 b6 7. Nd2 Bb7 8.
Bxf6 gxf6 9. f3 Be7 10. Bd3 Nc6 11. Ne2 h6 12. Kf2 d5 13. h4 f5 14. f4 Kd7 15.
Bb5 Kc7 16. Bxc6 Bxc6 17. Ng1 a5 18. Ngf3 f6 19. Rhc1 Kd7 20. Ne1 Bd6 21. g3
Rhg8 22. Nef3 Ra7 23. Ra2 Rga8 24. Rca1 Bb5 25. Nf1 Bd3 26. N1d2 Be4 27. Ke2
Kc6 28. Rc1 a4 29. Rca1 b5 30. dxc5 Bxc5 31. b4 Bb6 32. Nd4+ Bxd4 33. exd4 Kb6
34. Ra3 Bc2 35. Rc1 Be4 36. Ke3 Rg8 37. Kf2 Rag7 38. Rg1 e5 39. dxe5 fxe5 40.
fxe5 f4 41. Nxe4 dxe4 42. Re1 fxg3+ 43. Kg2 Rf7 44. Rf1 Rd7 45. Rf6+ Kc7 46.
Rd6 Rxd6 47. exd6+ Kxd6 48. c4 bxc4 49. Rxa4 Ke5 50. b5 Kf4 51. Rxc4 Rd8 52.
Rc2 Rd5 53. b6 Rb5 54. Kh3 Rxb6 55. Rc8 Rf6 56. Kg2 Kg4 57. Rg8+ Kxh4 58. Rxg3
Rd6 59. Re3 Rd2+ 60. Kf1 Rd4 61. Re2 Kg3 62. Rg2+ Kh3 63. Re2 Kg3 64. Rg2+ Kf3
65. Rf2+ Ke3 0-1

[Event "XX Festival A"]
[Site "Arco ITA"]
[Date "1998.10.??"]
[Round "8"]
[White "Heinlein, Reinhold"]
[Black "Cucinella, Vincenzo"]
[Result "1/2-1/2"]
[WhiteElo "2080"]
[BlackElo "2175"]
[PlyCount "105"]
[EventDate "1998.10.24"]

1. d4 Nf6 2. c4 g6 3. Nc3 Bg7 4. e4 d6 5. f4 O-O 6. Nf3 c5 7. d5 b5 8. cxb5 a6
9. bxa6 Bxa6 10. Bxa6 Nxa6 11. Qe2 Nb4 12. O-O Qb6 13. Kh1 Qa6 14. Qxa6 Rxa6
15. Ne1 Rfa8 16. a3 Rb6 17. Rb1 Na6 18. Rf3 Rab8 19. Nc2 Rb3 20. h3 Nc7 21. Ra1
e6 22. dxe6 fxe6 23. a4 Nd7 24. Ra3 R3b7 25. Ne3 Rb4 26. Ned1 d5 27. e5 g5 28.
g3 Rf8 29. Ne2 gxf4 30. gxf4 Ra8 31. b3 Rf8 32. Rg3 Kf7 33. Bd2 Rb7 34. Ra2
Rfb8 35. Rb2 Bf8 36. Bc1 Na6 37. Kh2 Be7 38. Rf3 Rb4 39. Ng1 Rg8 40. Rg3 Rgb8
41. Nf3 Nf8 42. Ng5+ Bxg5 43. Rxg5 Ng6 44. f5 Nxe5 45. fxe6+ Kxe6 46. Re2 Re4
47. Rxe4 dxe4 48. Rg7 Rxb3 49. Bf4 Nf3+ 50. Kg2 Nh4+ 51. Kh2 Ng6 52. Bh6 c4 53.
Rg8 1/2-1/2

[Event "XX Festival A"]
[Site "Arco ITA"]
[Date "1998.10.??"]
[Round "8"]
[White "Kloster, Josef"]
[Black "Ruzzier, Dario"]
[Result "1-0"]
[WhiteElo "2165"]
[BlackElo "2090"]
[PlyCount "43"]
[EventDate "1998.10.24"]

1. e4 e5 2. Nc3 Nf6 3. f4 d5 4. fxe5 Nxe4 5. Qf3 Nxc3 6. bxc3 Be7 7. d4 O-O 8.
Bd3 c5 9. Ne2 Nc6 10. O-O Be6 11. Be3 Qd7 12. Ng3 Bg4 13. Qf4 f6 14. Nf5 Bxf5
15. Bxf5 fxe5 16. Qg4 Qe8 17. Bh6 g6 18. Be6+ Kh8 19. Bxf8 Bxf8 20. Bxd5 Rd8
21. Bf7 Qe7 22. d5 1-0

[Event "XX Festival A"]
[Site "Arco ITA"]
[Date "1998.10.??"]
[Round "8"]
[White "Korte, Markus"]
[Black "Prelati, Maurizio"]
[Result "1/2-1/2"]
[WhiteElo "2220"]
[BlackElo "2140"]
[PlyCount "48"]
[EventDate "1998.10.24"]

1. d4 Nf6 2. Nf3 g6 3. c4 Bg7 4. Nc3 O-O 5. e4 d6 6. g3 Nc6 7. d5 Ne5 8. Nxe5
dxe5 9. Bg2 e6 10. O-O exd5 11. cxd5 Ne8 12. Be3 Nd6 13. Rc1 f5 14. f4 Re8 15.
fxe5 Bxe5 16. Bd4 Qf6 17. Bxe5 Qxe5 18. Re1 Qg7 19. Qd2 fxe4 20. Nxe4 Nxe4 21.
Bxe4 Bh3 22. Bg2 Bxg2 23. Kxg2 Rxe1 24. Rxe1 Rd8 1/2-1/2